000 00628nam a22002177a 4500
003 OSt
005 20140621094958.0
008 140606b xxu||||| |||| 00| 0 eng d
020 _a84-345-7384-9
040 _cBMC
082 _a069
100 1 _920283
_aRojas, Roberto
245 1 4 _aLos museos en el mundo
_cRoberto Rojas, José Luis Crespán, Manuel Trallero
260 _a[Barcelona]
_bSalvat
_c1973
300 _a142 p.
_bil. col.
_c20 cm
490 _aBiblioteca Salvat de grandes temas
_v26
650 2 4 _920289
_aMuseos
700 1 _920286
_aCrespán, José Luis
700 1 _920287
_aTrallero, Manuel
942 _2ddc
_cBK
999 _c11100
_d11100